| 000 | 00423nam a22001577a 4500 | ||
|---|---|---|---|
| 999 |
_c11650 _d11650 |
||
| 008 | 200724b 2003 ||||| |||| 00| 0 eng d | ||
| 082 |
_a294.59212 _bSAM |
||
| 245 | _aSamvedabhashyam | ||
| 260 |
_aNew Delhi _bManav Utthan Sankalpa Sansthan _c2003 |
||
| 300 | _a448 p. | ||
| 650 | _aHindu Vedas | ||
| 650 | _aSamved | ||
| 650 | _aVedanta | ||
| 700 |
_aVidyamartand, Swami Bramhamuni Parivrajak _eSpeaker |
||
| 942 | _cBK | ||